000 00345nam a2200133 4500
005 20260530113859.0
100 1 _aICSID City of Design
_932140
245 1 0 _aSeongam City South Korea
264 1 _bSeongam City Design
_c2000
300 _aCD páginas
336 _atexto
_2rdacontent
337 _asin medio
_2rdamedia
338 _avolumen
_2rdacarrier
999 _c11736
_d11736